Nová odborová politika

Uložené v:
Podrobná bibliografia
Médium: Kniha
Jazyk:Czech
Vydavateľské údaje: Praha Práce 1948
Tagy: Pridať tag
Žiadne tagy, Buďte prvý, kto otaguje tento záznam!

MARC

LEADER 00000nam a2200000 4500
001 0269021
005 20240822101714.0
041 0 |a cze 
044 |a -CS 
245 1 0 |a Nová odborová politika  |c Antonín Zápotocký 
264 1 |a Praha  |b Práce  |c 1948